000 00482nmm a2200181Ia 4500
008 251105s9999||||xx |||||||||||||||||und||
041 _aspa
100 _aZerda, Pablo
245 0 _aLa esfinge llorona
264 _a[Madrid, España] :
_bEditorial Saure,
_c2009
300 _a49 páginas
490 _aCompadre
650 _aGraphic novels (Comics)
700 _aZerda, Pablo
700 1 _a Jansain
856 _uhttps://public.digitaliapublishing.com/a/60225
942 _cCF
999 _c72765
_d72765